| 000 | 00813nam a2200241Ia 4500 | ||
|---|---|---|---|
| 008 | 130821s2009 ck gr spa | ||
| 020 | _a9789584517319 | ||
| 040 |
_aCo-BoUCM _bspa |
||
| 041 | 0 | 0 | _aspa |
| 100 | 1 |
_aRojas González, Clara Leticia _d1964- _9165558 |
|
| 245 | 1 | 0 |
_aCautiva _cClara Rojas |
| 260 |
_aBogotá (Colombia) _bEditorial Norma _c2009 |
||
| 300 | _a251 páginas | ||
| 600 | 1 | 4 |
_aRojas González, Clara Leticia _d1964- _xCautiverio _y2002-2008 _9165559 |
| 650 | 0 | 4 |
_aProblemas sociales _922324 |
| 650 | 0 | 4 |
_aRehenes _vRelatos personales _923410 |
| 650 | 0 | 4 |
_aSecuestro _vRelatos personales _924064 |
| 650 | 0 | 4 |
_aViolencia política _zColombia _927838 |
| 650 | 0 | 4 |
_aViolencia _9422 |
| 765 | _tCaptive | ||
| 942 |
_cLIBRO _a5 _e1 _mR741c _2DEWEY _h364.154 |
||
| 999 |
_c62640 _d62640 |
||